[Event "Oberliga Ost B 2018 2019"]
[Site "?"]
[Date "2019.03.24"]
[Round "9.4"]
[White "Nazarenus, Moritz"]
[Black "Graf, Gerd"]
[Result "1-0"]
[WhiteElo "2260"]
[BlackElo "2238"]
[PlyCount "115"]
[EventDate "2018.10.21"]
[EventType "team-tourn"]
[EventCountry "GER"]
[WhiteTeam "Schoeneck SF"]
[BlackTeam "Frankfurt SC Koenig Nied"]
[WhiteTeamCountry "GER"]
[BlackTeamCountry "GER"]

1. d4 g6 2. c4 Bg7 3. e4 d6 4. Nc3 e5 5. d5 f5 6. exf5 gxf5 7. Qh5+ Kf8 8. Bd2
Na6 9. O-O-O Bd7 10. Bd3 Nf6 11. Qe2 Qe8 12. Nh3 Nc5 13. Bc2 a5 14. f4 e4 15.
Nf2 h5 16. Be3 Qg6 17. g3 Ng4 18. Bd4 Bxd4 19. Rxd4 Qf6 20. Rdd1 Nxf2 21. Qxf2
Kf7 22. Rd2 Rae8 23. Qe3 h4 24. Rg1 Reg8 25. Rdg2 hxg3 26. hxg3 Rh3 27. Nd1 Qh6
28. Qd2 b6 29. Nf2 Rh5 30. Bd1 Re8 31. Qe2 Rh8 32. Qxh5+ Qxh5 33. Bxh5+ Rxh5
34. Kd2 Rh7 35. Rh1 Rg7 36. Nh3 c6 37. Ng5+ Ke7 38. Rgh2 cxd5 39. Rh7 Rxh7 40.
Rxh7+ Kd8 41. cxd5 Nd3 42. Nf7+ Kc7 43. Rh6 Nb4 44. Rxd6 Be8 45. Re6 Bxf7 46.
Re7+ Kd6 47. Rxf7 Kxd5 48. Rxf5+ Kd4 49. a3 Nd3 50. Rf8 e3+ 51. Ke2 Nxb2 52.
Rd8+ Ke4 53. Re8+ Kf5 54. Re5+ Kg4 55. Rg5+ Kh3 56. Kf3 Kh2 57. f5 Nc4 58. f6
1-0

[Event "Oberliga Ost B 2018 2019"]
[Site "?"]
[Date "2019.03.24"]
[Round "9.5"]
[White "Perlitz, Sven"]
[Black "Meyer, Kai Christian"]
[Result "1-0"]
[WhiteElo "2094"]
[BlackElo "2207"]
[PlyCount "71"]
[EventDate "2018.10.21"]
[EventType "team-tourn"]
[EventCountry "GER"]
[WhiteTeam "Frankfurt SC Koenig Nied"]
[BlackTeam "Schoeneck SF"]
[WhiteTeamCountry "GER"]
[BlackTeamCountry "GER"]

1. e4 e5 2. Nf3 Nc6 3. Bb5 a6 4. Ba4 Nf6 5. Qe2 b5 6. Bb3 Bc5 7. c3 d6 8. a4
Rb8 9. axb5 axb5 10. O-O O-O 11. d3 h6 12. Be3 Bb6 13. Nbd2 d5 14. Bxb6 Rxb6
15. Ra8 dxe4 16. Nxe4 Qe7 17. Rfa1 b4 18. Nxf6+ Qxf6 19. Bd5 bxc3 20. bxc3 Ne7
21. Bc4 Ng6 22. R8a7 Bb7 23. Qe3 Re8 24. Nd2 Nf4 25. Ne4 Qg6 26. g3 Kh8 27. Nc5
Qc6 28. Qe4 Nh3+ 29. Kg2 Qxc5 30. Rxb7 Nxf2 31. Qf3 Rxb7 32. Qxb7 e4 33. Ra8
Rxa8 34. Qxa8+ Kh7 35. Bxf7 h5 36. Qg8+ 1-0

[Event "Oberliga Ost B 2018 2019"]
[Site "?"]
[Date "2019.03.24"]
[Round "9.6"]
[White "Mueller, Achim"]
[Black "Goll, Christof"]
[Result "1/2-1/2"]
[WhiteElo "2101"]
[BlackElo "2073"]
[PlyCount "56"]
[EventDate "2018.10.21"]
[EventType "team-tourn"]
[EventCountry "GER"]
[WhiteTeam "Schoeneck SF"]
[BlackTeam "Frankfurt SC Koenig Nied"]
[WhiteTeamCountry "GER"]
[BlackTeamCountry "GER"]

1. e4 e6 2. d3 d5 3. Nd2 Nf6 4. g3 Bc5 5. e5 Nfd7 6. Ngf3 O-O 7. Nb3 Bb6 8. Bh3
c5 9. c3 Nc6 10. d4 Qe7 11. O-O h6 12. Qe2 a6 13. Bf4 Ba7 14. Rfe1 b5 15. Bg4
Rb8 16. h4 a5 17. Kg2 a4 18. Nxc5 Nxc5 19. dxc5 Bxc5 20. Qd2 Kh7 21. Qd3+ Kg8
22. Rh1 Bb7 23. Nd4 b4 24. Bd1 f6 25. Bc2 Nxe5 26. Bxe5 fxe5 27. Qh7+ Kf7 28.
Qg6+ Kg8 1/2-1/2

[Event "Oberliga Ost B 2018 2019"]
[Site "?"]
[Date "2019.03.24"]
[Round "9.7"]
[White "Zoeller, Thomas"]
[Black "Meyer Cording, Claus"]
[Result "1/2-1/2"]
[WhiteElo "2000"]
[BlackElo "2067"]
[PlyCount "51"]
[EventDate "2018.10.21"]
[EventType "team-tourn"]
[EventCountry "GER"]
[WhiteTeam "Frankfurt SC Koenig Nied"]
[BlackTeam "Schoeneck SF"]
[WhiteTeamCountry "GER"]
[BlackTeamCountry "GER"]

1. e4 e5 2. Nf3 Nc6 3. Nc3 Nf6 4. d4 exd4 5. Nxd4 Nxd4 6. Qxd4 d6 7. Bg5 Be7 8.
O-O-O O-O 9. Kb1 Nxe4 10. Qxe4 Bxg5 11. Bd3 g6 12. h4 Bf6 13. Nd5 c6 14. Ne3 d5
15. Qf4 Bg7 16. c4 d4 17. Ng4 h5 18. Nh6+ Bxh6 19. Qxh6 Qf6 20. f3 c5 21. Ka1
Re8 22. g4 hxg4 23. h5 Qg7 24. hxg6 Be6 25. gxf7+ Bxf7 26. fxg4 1/2-1/2

[Event "Oberliga Ost B 2018 2019"]
[Site "?"]
[Date "2019.03.24"]
[Round "9.8"]
[White "Weiss, Matthias"]
[Black "Lemonidis, Christos"]
[Result "1-0"]
[WhiteElo "2021"]
[BlackElo "1793"]
[PlyCount "83"]
[EventDate "2018.10.21"]
[EventType "team-tourn"]
[EventCountry "GER"]
[WhiteTeam "Schoeneck SF"]
[BlackTeam "Frankfurt SC Koenig Nied"]
[WhiteTeamCountry "GER"]
[BlackTeamCountry "GER"]

1. e4 d6 2. d4 g6 3. Nc3 Bg7 4. Be3 Nh6 5. f3 f6 6. Qd2 Nf7 7. O-O-O a6 8. h4
Bd7 9. h5 g5 10. Nge2 Nc6 11. f4 h6 12. d5 Nb8 13. Nd4 gxf4 14. Bxf4 Ne5 15.
Bxe5 dxe5 16. Ne6 Bxe6 17. dxe6 Qxd2+ 18. Rxd2 c6 19. Be2 b5 20. Rhd1 O-O 21.
Rd8 Ra7 22. Rxf8+ Bxf8 23. Rd8 Rb7 24. Rc8 a5 25. a4 Na6 26. axb5 cxb5 27. Bxb5
Rb6 28. Bd7 Rb8 29. Rxb8 Nxb8 30. Bb5 f5 31. exf5 Bg7 32. Ne4 Kf8 33. Kd2 Bf6
34. Kc3 Kg7 35. Kc4 Bh4 36. Kc5 Be1 37. Kb6 Bb4 38. Kb7 a4 39. Kxb8 a3 40. bxa3
Bxa3 41. c4 Bb4 42. g4 1-0

[Event "Oberliga Ost B 2018 2019"]
[Site "?"]
[Date "2019.03.24"]
[Round "9.1"]
[White "Kuznecovs, Nikita"]
[Black "Mueller, Maximilian"]
[Result "1-0"]
[WhiteElo "2285"]
[BlackElo "2312"]
[PlyCount "75"]
[EventDate "2018.10.21"]
[EventType "team-tourn"]
[EventCountry "GER"]
[WhiteTeam "Stadtilm SG BW"]
[BlackTeam "Gernsheim SK"]
[WhiteTeamCountry "GER"]
[BlackTeamCountry "GER"]

1. e4 c5 2. Nf3 d6 3. Bb5+ Bd7 4. Bxd7+ Qxd7 5. O-O e6 6. c3 Nf6 7. Re1 Be7 8.
d4 O-O 9. d5 exd5 10. exd5 Re8 11. c4 b5 12. b3 bxc4 13. bxc4 Qg4 14. Qc2 Nbd7
15. Nbd2 Rab8 16. Rb1 Nb6 17. a4 Qc8 18. a5 Nbd7 19. Bb2 Bd8 20. Bc3 Rxb1 21.
Rxb1 Nf8 22. Qa4 Re7 23. Bxf6 gxf6 24. a6 Nd7 25. Qa1 Nb8 26. Nh4 Nxa6 27. Rb3
Re2 28. Qd1 Re7 29. Rg3+ Kf8 30. Qb1 Qb8 31. Rb3 Qc8 32. h3 Kg8 33. Rg3+ Kh8
34. Nf5 Re8 35. Nxd6 Qd7 36. Nxe8 Qxe8 37. Qe4 Qd7 38. Qf4 1-0

[Event "Oberliga Ost B 2018 2019"]
[Site "?"]
[Date "2019.03.24"]
[Round "9.2"]
[White "Hebbering, Tom Elliot"]
[Black "Siebarth, Raiko"]
[Result "1/2-1/2"]
[WhiteElo "2222"]
[BlackElo "2265"]
[PlyCount "212"]
[EventDate "2018.10.21"]
[EventType "team-tourn"]
[EventCountry "GER"]
[WhiteTeam "Gernsheim SK"]
[BlackTeam "Stadtilm SG BW"]
[WhiteTeamCountry "GER"]
[BlackTeamCountry "GER"]

1. d4 Nf6 2. c4 e6 3. g3 d5 4. Nf3 Be7 5. Bg2 O-O 6. O-O dxc4 7. Qc2 a6 8. a4
b6 9. Ne5 Ra7 10. Rd1 Bb7 11. e4 Nc6 12. Nxc6 Bxc6 13. b3 Qa8 14. bxc4 Bxe4 15.
Bxe4 Nxe4 16. Qe2 Rd8 17. Bb2 Bf6 18. Nd2 Nxd2 19. Rxd2 c6 20. Rb1 Rad7 21. d5
Bxb2 22. Rbxb2 cxd5 23. cxd5 Rxd5 24. Rxd5 exd5 25. Rxb6 d4 26. Qd3 a5 27. Rb5
g6 28. h4 Rc8 29. f3 Rd8 30. Kf2 Qa6 31. h5 Qe6 32. hxg6 hxg6 33. Qb3 Qe8 34.
Qd3 Qe6 35. Qb3 Qh3 36. Rb7 Qh2+ 37. Kf1 Rf8 38. g4 Qf4 39. Rd7 Re8 40. Qd1 Qg3
41. Rxd4 Kg7 42. Rd7 Re6 43. Rd3 Rf6 44. Qa1 g5 45. Qd4 Kg6 46. Qf2 Qf4 47. Qc2
Qxg4 48. Rd6+ Qf5 49. Rxf6+ Kxf6 50. Qc6+ Qe6 51. Qc3+ Qe5 52. Qc6+ Kg7 53. Kf2
f6 54. Kg2 f5 55. Qb5 Kf6 56. Qb6+ Kf7 57. Qb7+ Qe7 58. Qb3+ Qe6 59. Qb5 Kg6
60. Kf2 f4 61. Qd3+ Kh6 62. Qd4 Qe8 63. Kf1 Kh5 64. Qa7 Qg6 65. Qb7 Qd3+ 66.
Kf2 Qc2+ 67. Kf1 Kh4 68. Qd7 Qc1+ 69. Kg2 Qc2+ 70. Kf1 Kh5 71. Qh3+ Kg6 72.
Qe6+ Kg7 73. Qe7+ Kh6 74. Qe6+ Qg6 75. Qh3+ Kg7 76. Qd7+ Qf7 77. Qd4+ Kg6 78.
Qc5 Qf5 79. Qc6+ Kh5 80. Kf2 Qe5 81. Qb6 Qc3 82. Qe6 Qc2+ 83. Kf1 Qxa4 84. Qg4+
Kg6 85. Qe6+ Kg7 86. Qe7+ Kh6 87. Qe6+ Kg7 88. Qe7+ Kg8 89. Qxg5+ Kf7 90. Qf5+
Ke7 91. Qh7+ Kd6 92. Qg6+ Kc7 93. Qg7+ Kb6 94. Qf6+ Kc5 95. Qe5+ Kb6 96. Qf6+
Qc6 97. Qxf4 a4 98. Ke1 Kb5 99. Qe5+ Kc4 100. Qe3 Qd6 101. Qc1+ Kb5 102. Qb2+
Qb4+ 103. Qxb4+ Kxb4 104. Kd2 Kb3 105. Kc1 a3 106. Kb1 Kc3 1/2-1/2

[Event "Oberliga Ost B 2018 2019"]
[Site "?"]
[Date "2019.03.24"]
[Round "9.3"]
[White "Schneider, Christian"]
[Black "Neumann, Martin"]
[Result "1-0"]
[WhiteElo "2187"]
[BlackElo "2091"]
[PlyCount "85"]
[EventDate "2018.10.21"]
[EventType "team-tourn"]
[EventCountry "GER"]
[WhiteTeam "Stadtilm SG BW"]
[BlackTeam "Gernsheim SK"]
[WhiteTeamCountry "GER"]
[BlackTeamCountry "GER"]

1. c4 e5 2. g3 Nc6 3. Bg2 f5 4. Nc3 Nf6 5. a3 Be7 6. e3 O-O 7. Nge2 Kh8 8. d4
d6 9. Nd5 g5 10. Nxe7 Qxe7 11. h4 Ne4 12. d5 Nd8 13. f3 Nc5 14. b4 Nd7 15. hxg5
Qxg5 16. Qd3 Nf6 17. Bb2 Nf7 18. O-O-O a5 19. f4 Qg6 20. Qc3 axb4 21. axb4 Ng4
22. Rh4 Kg8 23. Bf3 Bd7 24. Rdh1 h6 25. Bxg4 fxg4 26. Rh5 Bf5 27. fxe5 dxe5 28.
Nf4 exf4 29. Rxf5 fxe3 30. Rf6 Qg5 31. Re1 Rae8 32. Re6 e2+ 33. Kc2 Qf5+ 34.
Kc1 Qg5+ 35. Kb1 Qf5+ 36. Ka2 Ne5 37. Rxe5 Rxe5 38. Qxe5 Ra8+ 39. Kb3 Qd3+ 40.
Qc3 Qd1+ 41. Qc2 Ra3+ 42. Bxa3 Qxe1 43. Qg6+ 1-0

[Event "Oberliga Ost B 2018 2019"]
[Site "?"]
[Date "2019.03.24"]
[Round "9.4"]
[White "Di Capua, Francesco Stefano"]
[Black "George, Tom"]
[Result "0-1"]
[WhiteElo "1941"]
[BlackElo "2223"]
[PlyCount "92"]
[EventDate "2018.10.21"]
[EventType "team-tourn"]
[EventCountry "GER"]
[WhiteTeam "Gernsheim SK"]
[BlackTeam "Stadtilm SG BW"]
[WhiteTeamCountry "GER"]
[BlackTeamCountry "GER"]

1. e4 e5 2. Nf3 Nc6 3. Bc4 Bc5 4. b4 Bxb4 5. c3 Ba5 6. d4 d6 7. Qb3 Qd7 8. O-O
Bb6 9. dxe5 Na5 10. Qb5 c6 11. Qa4 Nxc4 12. Qxc4 dxe5 13. Ba3 Qe6 14. Nbd2 f6
15. Qe2 Bc7 16. Rfd1 Ne7 17. Nc4 O-O 18. Bd6 Bxd6 19. Rxd6 Qf7 20. Rad1 Be6 21.
Ne3 Nc8 22. R6d3 Nb6 23. Nh4 g6 24. a3 Qe7 25. h3 Bb3 26. Rb1 Be6 27. Rbd1 Rad8
28. Ng4 Bc4 29. Nh6+ Kh8 30. Rxd8 Bxe2 31. Rxf8+ Qxf8 32. Rd8 Kg7 33. Rxf8 Kxf8
34. Ng4 Bxg4 35. hxg4 Nc4 36. a4 Nd2 37. f3 a5 38. g3 b5 39. axb5 cxb5 40. Ng2
a4 41. Ne3 a3 42. Nc2 a2 43. Na1 Nxf3+ 44. Kf2 Ng5 45. Ke3 Ke7 46. Nb3 Ne6 0-1

[Event "Oberliga Ost B 2018 2019"]
[Site "?"]
[Date "2019.03.24"]
[Round "9.6"]
[White "Nies, Peter"]
[Black "Mehlhorn, Uwe"]
[Result "1-0"]
[WhiteElo "2074"]
[BlackElo "2075"]
[PlyCount "47"]
[EventDate "2018.10.21"]
[EventType "team-tourn"]
[EventCountry "GER"]
[WhiteTeam "Gernsheim SK"]
[BlackTeam "Stadtilm SG BW"]
[WhiteTeamCountry "GER"]
[BlackTeamCountry "GER"]

1. e4 g6 2. Nc3 Bg7 3. f4 d6 4. Bc4 e6 5. Nf3 Ne7 6. Bb3 O-O 7. O-O d5 8. d3 c5
9. Qe1 b5 10. Nxb5 Qb6 11. c4 dxe4 12. dxe4 Bb7 13. Qh4 a6 14. Nc3 Nec6 15. f5
exf5 16. Bh6 Nd4 17. Ng5 Qf6 18. e5 Qxe5 19. Nxh7 Re8 20. Rae1 Be4 21. Nxe4
fxe4 22. Bxg7 Kxg7 23. Ng5 Nf3+ 24. Nxf3 1-0

[Event "Oberliga Ost B 2018 2019"]
[Site "?"]
[Date "2019.03.24"]
[Round "9.7"]
[White "Neubauer, Andreas"]
[Black "Wenner, Frank"]
[Result "1-0"]
[WhiteElo "2189"]
[BlackElo "2088"]
[PlyCount "55"]
[EventDate "2018.10.21"]
[EventType "team-tourn"]
[EventCountry "GER"]
[WhiteTeam "Stadtilm SG BW"]
[BlackTeam "Gernsheim SK"]
[WhiteTeamCountry "GER"]
[BlackTeamCountry "GER"]

1. c4 Nf6 2. Nc3 g6 3. e4 d6 4. g3 Bg7 5. Bg2 O-O 6. Nge2 c5 7. O-O Nc6 8. d3
Rb8 9. h3 a6 10. f4 Qc7 11. g4 b5 12. Ng3 bxc4 13. dxc4 Be6 14. Qd3 Qa5 15. e5
Nb4 16. Qe2 dxe5 17. fxe5 Nd7 18. Bf4 Qc7 19. Rfe1 g5 20. Bxg5 Qxe5 21. Qxe5
Bxe5 22. Rxe5 Nxe5 23. Bxe7 Nxc4 24. Nce4 Nc2 25. Rc1 Rxb2 26. Nf6+ Kh8 27.
Bxf8 N2e3 28. Ngh5 1-0

[Event "Oberliga Ost B 2018 2019"]
[Site "?"]
[Date "2019.03.24"]
[Round "9.8"]
[White "Rolf, Marco"]
[Black "Wolf, Philipp"]
[Result "1-0"]
[WhiteElo "2061"]
[BlackElo "1890"]
[PlyCount "95"]
[EventDate "2018.10.21"]
[EventType "team-tourn"]
[EventCountry "GER"]
[WhiteTeam "Gernsheim SK"]
[BlackTeam "Stadtilm SG BW"]
[WhiteTeamCountry "GER"]
[BlackTeamCountry "GER"]

1. d4 Nf6 2. Nf3 d5 3. e3 c5 4. b3 cxd4 5. exd4 Nc6 6. Bd3 Bg4 7. Bb2 e6 8. O-O
Bd6 9. Nbd2 O-O 10. a3 Rc8 11. Qe1 Qb6 12. Qe3 Ne7 13. c4 Bb8 14. c5 Qc7 15.
Ne5 Bf5 16. Be2 Nd7 17. f4 Nxe5 18. fxe5 f6 19. b4 fxe5 20. dxe5 Ng6 21. Nf3 h6
22. Bd3 Bxd3 23. Qxd3 Ne7 24. Rae1 Nf5 25. g4 Ne7 26. Nd4 Rxf1+ 27. Qxf1 Qd7
28. g5 hxg5 29. Qh3 Ng6 30. Qxe6+ Qxe6 31. Nxe6 Re8 32. Nxg5 Nxe5 33. Kg2 Re7
34. h3 Ng6 35. Rxe7 Nxe7 36. Ne6 g6 37. Nd8 b6 38. c6 a6 39. Kf3 Nf5 40. Ne6
Ba7 41. c7 Nd6 42. Bd4 Nc8 43. Kf4 b5 44. Ke5 Bxd4+ 45. Nxd4 Kf7 46. Kxd5 Ke7
47. Kc6 Nd6 48. Nb3 1-0

[Event "Oberliga Ost B 2018 2019"]
[Site "?"]
[Date "2019.03.24"]
[Round "9.1"]
[White "Henrich, Thomas"]
[Black "Schmidt Schaeffer, Sebastian"]
[Result "0-1"]
[WhiteElo "2164"]
[BlackElo "2338"]
[PlyCount "160"]
[EventDate "2018.10.21"]
[EventType "team-tourn"]
[EventCountry "GER"]
[WhiteTeam "Marburg SK"]
[BlackTeam "Naumburger SV"]
[WhiteTeamCountry "GER"]
[BlackTeamCountry "GER"]

1. d4 f5 2. Bg5 g6 3. e3 Nh6 4. h4 Nf7 5. c4 Bg7 6. Nc3 d6 7. Nf3 h6 8. Bf4 e5
9. Bg3 O-O 10. Qb3 f4 11. Bh2 fxe3 12. fxe3 exd4 13. exd4 Re8+ 14. Be2 Bxd4 15.
h5 Bxc3+ 16. Qxc3 Bf5 17. hxg6 Bxg6 18. Bf4 Nc6 19. Bxh6 Nce5 20. Nxe5 Rxe5 21.
Bf4 Re4 22. Bh6 Ne5 23. Kd2 Qe7 24. Rae1 Re8 25. Qg3 Qf7 26. Rhf1 Rd4+ 27. Kc1
Rxc4+ 28. Bxc4 Qxc4+ 29. Qc3 Qxa2 30. Rd1 Qa1+ 31. Kd2 Qa4 32. Rf4 Qb5 33. Rg4
Re6 34. Kc1 c6 35. b3 Qe2 36. Rg3 Qe4 37. Rdd3 Nxd3+ 38. Rxd3 Re5 39. Re3 Qb1+
40. Kd2 Qa2+ 41. Kd1 Qb1+ 42. Kd2 Qa2+ 43. Kd1 Qxg2 44. Rxe5 dxe5 45. Be3 Qd5+
46. Ke1 b6 47. Kf2 Kf7 48. b4 Bf5 49. Qa3 Qd7 50. Qa1 Qe7 51. Qa2+ Be6 52. Qa3
Qh4+ 53. Ke2 Bg4+ 54. Kd2 Qd8+ 55. Kc3 Qd7 56. Kb2 Bf5 57. Qa2+ Be6 58. Qa6 Ke8
59. Qe2 Qd5 60. Qh5+ Bf7 61. Qg5 Kd7 62. Kc1 Qe4 63. Kd1 Qxb4 64. Qf5+ Be6 65.
Qh7+ Qe7 66. Qh8 Bb3+ 67. Ke1 Kc7 68. Qa8 Qh4+ 69. Kd2 Qb4+ 70. Ke2 Bc4+ 71.
Kf2 Qb2+ 72. Kg3 Qa3 73. Kf2 Qa2+ 74. Kg3 Bd5 75. Bf2 Qa3+ 76. Kh4 Qe7+ 77. Kg4
Qd7+ 78. Kg3 Qg7+ 79. Kh4 Qf6+ 80. Kh3 Qxf2 0-1

[Event "Oberliga Ost B 2018 2019"]
[Site "?"]
[Date "2019.03.24"]
[Round "9.2"]
[White "Heinrich, Julius Tobias"]
[Black "Dorst, Johannes"]
[Result "0-1"]
[WhiteElo "2083"]
[BlackElo "2210"]
[PlyCount "82"]
[EventDate "2018.10.21"]
[EventType "team-tourn"]
[EventCountry "GER"]
[WhiteTeam "Naumburger SV"]
[BlackTeam "Marburg SK"]
[WhiteTeamCountry "GER"]
[BlackTeamCountry "GER"]

1. e4 e5 2. Nf3 Nc6 3. d4 exd4 4. Bc4 Nf6 5. e5 d5 6. Bb5 Nd7 7. O-O Be7 8.
Bxc6 bxc6 9. e6 fxe6 10. Nxd4 Nf6 11. Nxc6 Qd6 12. Nxe7 Qxe7 13. c4 O-O 14.
cxd5 exd5 15. Nc3 c6 16. Bg5 Qd6 17. Bh4 Bd7 18. Qd3 Rae8 19. Rad1 Qb4 20. Bxf6
Rxf6 21. b3 Rg6 22. f4 Qc5+ 23. Kh1 Re3 24. Na4 Qe7 25. Qd4 Re2 26. Rg1 Rh6 27.
Rgf1 Re3 28. f5 Qd6 29. Qf4 Qxf4 30. Rxf4 Rf6 31. g4 Re2 32. Nc5 Bc8 33. h4 h5
34. Ra4 hxg4 35. Rxa7 Bxf5 36. Rg1 Rh6 37. Rg2 Re1+ 38. Kh2 Re3 39. Rg3 Rxh4+
40. Kg2 Re2+ 41. Kf1 Rc2 0-1

[Event "Oberliga Ost B 2018 2019"]
[Site "?"]
[Date "2019.03.24"]
[Round "9.3"]
[White "Alber, Horst"]
[Black "Fritsch, Andreas"]
[Result "1/2-1/2"]
[WhiteElo "2285"]
[BlackElo "2051"]
[PlyCount "79"]
[EventDate "2018.10.21"]
[EventType "team-tourn"]
[EventCountry "GER"]
[WhiteTeam "Marburg SK"]
[BlackTeam "Naumburger SV"]
[WhiteTeamCountry "GER"]
[BlackTeamCountry "GER"]

1. d4 Nc6 2. Nf3 d5 3. g3 Bf5 4. Bg2 Nb4 5. Na3 e6 6. c3 Nc6 7. Nc2 Be7 8. b3
Be4 9. Bb2 Nf6 10. O-O O-O 11. e3 Re8 12. Qe2 Bd6 13. Rfd1 Nb8 14. c4 c6 15.
Nce1 Nfd7 16. Nd3 Qe7 17. Rac1 Nf8 18. Nc5 Bxc5 19. dxc5 Na6 20. Qd2 f6 21. b4
Rac8 22. a3 Nc7 23. Qe2 Nd7 24. Bh3 Bf5 25. Bxf5 exf5 26. Rd4 Ne5 27. cxd5 Nxd5
28. Rcd1 Qf7 29. Nh4 g6 30. Ng2 g5 31. Ne1 Qe6 32. Qh5 Ng6 33. Nf3 Rc7 34. Kg2
Rce7 35. Nd2 b5 36. Nf3 Qf7 37. Kg1 Qe6 38. Kg2 Qf7 39. Kg1 Qe6 40. Kg2 1/2-1/2

[Event "Oberliga Ost B 2018 2019"]
[Site "?"]
[Date "2019.03.24"]
[Round "9.4"]
[White "Haertig, Jens"]
[Black "Rolle, Eric"]
[Result "1/2-1/2"]
[WhiteElo "2132"]
[BlackElo "2211"]
[PlyCount "71"]
[EventDate "2018.10.21"]
[EventType "team-tourn"]
[EventCountry "GER"]
[WhiteTeam "Naumburger SV"]
[BlackTeam "Marburg SK"]
[WhiteTeamCountry "GER"]
[BlackTeamCountry "GER"]

1. Nf3 d5 2. d4 Nf6 3. Bf4 c6 4. e3 Qb6 5. Bd3 Bg4 6. Nbd2 Nbd7 7. h3 Bh5 8.
O-O c5 9. c4 e6 10. Qa4 Qc6 11. Qb3 dxc4 12. Bxc4 a6 13. a4 Be7 14. a5 O-O 15.
Rfe1 h6 16. Rac1 Bg6 17. Qa2 Nd5 18. Bg3 b5 19. axb6 Nb4 20. Qb3 Qxb6 21. Bf1
Nd5 22. Qa4 Rfd8 23. Nc4 Qb5 24. Qd1 Qb4 25. Nfe5 Nxe5 26. Nxe5 Qxb2 27. Nxg6
fxg6 28. Qg4 cxd4 29. Be5 Bf6 30. exd4 Bxe5 31. Qxe6+ Kh7 32. Qxe5 Nf6 33. Rc7
Qxd4 34. Qxd4 Rxd4 35. Ree7 Ne8 36. Ra7 1/2-1/2

[Event "Oberliga Ost B 2018 2019"]
[Site "?"]
[Date "2019.03.24"]
[Round "9.5"]
[White "Duncker, Joachim"]
[Black "Will, Matthias"]
[Result "1-0"]
[WhiteElo "2169"]
[BlackElo "2014"]
[PlyCount "61"]
[EventDate "2018.10.21"]
[EventType "team-tourn"]
[EventCountry "GER"]
[WhiteTeam "Marburg SK"]
[BlackTeam "Naumburger SV"]
[WhiteTeamCountry "GER"]
[BlackTeamCountry "GER"]

1. e4 Nf6 2. e5 Nd5 3. d4 d6 4. Bc4 Nb6 5. Bb3 dxe5 6. Qh5 e6 7. dxe5 Nc6 8. c3
g6 9. Qe2 Bg7 10. Nf3 O-O 11. O-O Bd7 12. Bg5 Qe8 13. Rd1 h6 14. Bh4 Ne7 15.
Nbd2 Nf5 16. Bg3 Nxg3 17. hxg3 Ba4 18. Qe4 Bc6 19. Qe3 Nd5 20. Qe2 Ba4 21. c4
Ne7 22. Ne4 Bxb3 23. axb3 b6 24. b4 Nc6 25. Nf6+ Bxf6 26. exf6 Rd8 27. b5 Rxd1+
28. Rxd1 Nb8 29. Ne5 Qc8 30. Qd2 Kh7 31. Ng4 1-0

[Event "Oberliga Ost B 2018 2019"]
[Site "?"]
[Date "2019.03.24"]
[Round "9.6"]
[White "Roessler, Bernd"]
[Black "Neidhardt, Helge"]
[Result "1/2-1/2"]
[WhiteElo "2080"]
[BlackElo "2082"]
[PlyCount "50"]
[EventDate "2018.10.21"]
[EventType "team-tourn"]
[EventCountry "GER"]
[WhiteTeam "Naumburger SV"]
[BlackTeam "Marburg SK"]
[WhiteTeamCountry "GER"]
[BlackTeamCountry "GER"]

1. d4 Nf6 2. Nf3 e6 3. Bf4 c5 4. e3 Qb6 5. Qc1 Nc6 6. c3 Be7 7. Be2 d5 8. Nbd2
Bd7 9. Ne5 Nxe5 10. Bxe5 Rc8 11. Nb3 cxd4 12. exd4 Bb5 13. Qc2 O-O 14. Bxb5
Qxb5 15. Qe2 Qxe2+ 16. Kxe2 Ne4 17. f3 Nd6 18. Nd2 f6 19. Bg3 Kf7 20. h3 h5 21.
Rhf1 g6 22. Kd3 Rfd8 23. Rfe1 Nf5 24. Bh2 Bd6 25. Bxd6 Rxd6 1/2-1/2

[Event "Oberliga Ost B 2018 2019"]
[Site "?"]
[Date "2019.03.24"]
[Round "9.7"]
[White "Nekhamkis, Genadi"]
[Black "Schlag, Andreas"]
[Result "1-0"]
[WhiteElo "2133"]
[BlackElo "2076"]
[PlyCount "47"]
[EventDate "2018.10.21"]
[EventType "team-tourn"]
[EventCountry "GER"]
[WhiteTeam "Marburg SK"]
[BlackTeam "Naumburger SV"]
[WhiteTeamCountry "GER"]
[BlackTeamCountry "GER"]

1. e4 d6 2. d4 Nf6 3. Nc3 g6 4. f4 Bg7 5. Nf3 c6 6. Bd3 b5 7. O-O O-O 8. Ne2
Bd7 9. c3 c5 10. Qe1 c4 11. Bc2 Qc7 12. Qh4 h6 13. Ng3 Nh7 14. e5 dxe5 15. fxe5
g5 16. Bxg5 Nxg5 17. Nxg5 f6 18. Qe4 hxg5 19. Qh7+ Kf7 20. Bg6+ Ke6 21. Qh3+ f5
22. Bxf5+ Rxf5 23. Qxf5+ Kd5 24. Qe4+ 1-0

[Event "Oberliga Ost B 2018 2019"]
[Site "?"]
[Date "2019.03.24"]
[Round "9.8"]
[White "Packroff, Hermann"]
[Black "Lehmann, Stefan"]
[Result "1/2-1/2"]
[WhiteElo "2177"]
[BlackElo "2004"]
[PlyCount "110"]
[EventDate "2018.10.21"]
[EventType "team-tourn"]
[EventCountry "GER"]
[WhiteTeam "Naumburger SV"]
[BlackTeam "Marburg SK"]
[WhiteTeamCountry "GER"]
[BlackTeamCountry "GER"]

1. d4 d5 2. Nf3 Nf6 3. Bg5 e6 4. e3 Be7 5. Bd3 c5 6. c3 Nc6 7. O-O h6 8. Bh4
O-O 9. Nbd2 cxd4 10. exd4 Nd7 11. Bxe7 Qxe7 12. Re1 e5 13. dxe5 Ndxe5 14. Nxe5
Nxe5 15. Nf3 Nxf3+ 16. Qxf3 Qc5 17. Bc2 g6 18. Rad1 Qb6 19. b3 Be6 20. Qf4 Kh7
21. Qf6 Bf5 22. Qxb6 axb6 23. Bxf5 gxf5 24. Rxd5 Rxa2 25. Rxf5 Kg6 26. Rb5 Re8
27. Rxb6+ Kg7 28. Rf1 Re7 29. g3 Rc2 30. c4 Rb2 31. Kg2 Rd7 32. h4 Re7 33. g4
Re4 34. Kg3 Rxc4 35. Rxb7 Rc3+ 36. f3 Rbxb3 37. Rxb3 Rxb3 38. Rc1 Ra3 39. Rc4
Rb3 40. Kf4 Ra3 41. g5 hxg5+ 42. hxg5 Ra5 43. Kg4 Rb5 44. f4 Ra5 45. f5 Ra1 46.
Kh5 Rf1 47. f6+ Kh7 48. Rc8 Rh1+ 49. Kg4 Rg1+ 50. Kf5 Rf1+ 51. Ke5 Rg1 52. Kd6
Rxg5 53. Ke7 Ra5 54. Kxf7 Ra7+ 55. Ke8 Kg6 1/2-1/2

[Event "Oberliga Ost B 2018 2019"]
[Site "?"]
[Date "2019.03.24"]
[Round "9.1"]
[White "Dubkov, Andrej"]
[Black "Lubbe, Nikolas"]
[Result "1/2-1/2"]
[WhiteElo "2328"]
[BlackElo "2456"]
[PlyCount "107"]
[EventDate "2018.10.21"]
[EventType "team-tourn"]
[EventCountry "GER"]
[WhiteTeam "Wiesbadener SV"]
[BlackTeam "Neuberg SF"]
[WhiteTeamCountry "GER"]
[BlackTeamCountry "GER"]

1. d4 Nf6 2. c4 c5 3. d5 d6 4. Nc3 g6 5. Nf3 Bg7 6. h3 O-O 7. e4 e6 8. Bd3 exd5
9. cxd5 a6 10. a4 Nbd7 11. O-O Qe7 12. Re1 Ne8 13. Bg5 f6 14. Be3 b6 15. Qd2
Rb8 16. Rab1 Ne5 17. Nxe5 dxe5 18. b3 a5 19. Nb5 Nd6 20. Bc4 Bd7 21. Nxd6 Qxd6
22. Rbd1 Rbe8 23. Bh6 Rf7 24. Bxg7 Kxg7 25. Re3 Kf8 26. Rde1 Ke7 27. Qe2 Kd8
28. Bb5 Kc7 29. Bxd7 Rxd7 30. h4 Kb7 31. h5 Rf7 32. Rg3 f5 33. hxg6 hxg6 34.
Rh3 Ree7 35. Rh6 Rf6 36. Qf3 Ka7 37. exf5 gxf5 38. Rxf6 Qxf6 39. d6 Rh7 40. Rd1
e4 41. Qf4 Qe6 42. Qd2 Rd7 43. Qd5 Qg6 44. Qe5 Qh6 45. Rd5 Rh7 46. Kf1 Qg5 47.
Qxf5 Qc1+ 48. Ke2 Rh1 49. Qd7+ Ka6 50. Qc8+ Ka7 51. Qc7+ Ka6 52. Qc8+ Ka7 53.
Qc7+ Ka6 54. Qc8+ 1/2-1/2